応援歌から巨人軍歴代四番打者 - Statistics

General Stats
  • This quiz has been taken 6 times
  • The average score is 20 of 47
Answer Stats
Hint Answer % Correct
66 戦う男のフィールドに 燃える男の24弾丸アーチをスタンドへ それぶち込め(選手名) 高橋由伸
100%
74 光り輝く明日を見せる その広い背中オオ(選手名)オオ(選手名) オオ誇り高く ラミレス
100%
82 誰よりも強く勇ましく オオオオオオお前が立つその場所は 熱気の渦が巻く (選手名)!炎となれ 坂本勇人
100%
89 夢あふれるフィールド その名刻め(選手名)スタンド湧かす 永遠のアーチ 岡本和真
100%
90 誰より強く さらなる高みへこの大歓声が 君の味方だ さぁ我らと行こう (選手名) 丸佳浩
100%
91 天翔ける この一打放物線 全てを乗せて (選手名)! さぁ轟かせ その名をこの世界に 中田翔
100%
92 好守に巧打 結果を見せつけて輝く道を 駆け抜けろ(選手名) 吉川尚輝
100%
94 鋭いまなざし 満ちあふれる男気魅せろパワーフルスイング ぶち込め(選手名) 大城卓三
100%
95 見せろ今君の熱き想い 不屈の闘志超えろ今君の架けたアーチ 未来へ振り抜け 増田陸
100%
96 守り攻め進めよ 盾と剣構えさぁチームを笑顔に 導けよ(選手名) 岸田行倫
100%
48 光る海光る大空 光る大地行くぞ(選手名) 若大将 原辰徳
67%
70 熱きアジアの大砲に 熱き魂を込めたこの歌よ届け ホームラン(選手名) 李承燁
67%
72 吠えろ(選手名) オゥオオオオー行けよ(選手名) 熱くなれ 阿部慎之助
67%
73 飛び立とう高く 絆共にして明日を照らす道広げ 放て君よ今 小笠原道大
67%
75 一筋貫く 夢の弾道飛ばせ(選手名)放て(選手名) オオオオオオ オイ! ここまで 長野久義
67%
76 さあ気合を見せろ 全力で立ち向かえ走り出した君は 誰にも止められない 村田修一
67%
79 陽気な笑顔隠された 熱くつよい気持ち(選手名)バモス(選手名)バモス (選手名)コールが鳴り響く アンダーソン
67%
83 沸き立つ闘志 みなぎる力いま解き放て (選手名) 中井大介
67%
84 どこまでも駆け抜けろ 地平の彼方目指し(選手名)!ガムシャラに 追い続けろ 亀井善行
67%
87 (選手名)GO!(選手名) キラリ☆輝け豪打炸裂Victory 進めクラッチヒッター マギー
67%
49 上から読んでも(選手名) 下から読んでも(選手名)どこから読んでも(選手名) ホームランホームラン(選手名) スミス
33%
50 楽をしてもクロウクロウ 苦労してもクロウクロウお前が打たなきゃ 明日は雨(選手名) クロマティ
33%
53 7番の凄い奴 鋭い打球をスタンドへそれ行けそれ行け それ行け(選手名) 吉村禎章
33%
62 燃えろ(選手名)キラリ光る 星だ行けよ花道火を噴けバット勝利の ミサイルホームラン 松井秀喜
33%
64 勝利の一撃 空高く
放り込めバットに夢乗せて ホームラン(選手名)
清原和博
33%
71 勝利を呼び込め ぶつけろみなぎる闘志行くぞ(選手名)打てよ(選手名) 走れ(選手名) 二岡智宏
33%
77 (選手名)gogogo 頼りなるぜエルチャモ煌めく海のように VIVA(選手名) ロペス
33%
78 いつでもどこでも君は 輝く僕らのヒーローライトへGO!レフトへGO! レッツファイト(選手名)とはぜ ボウカー
33%
80 心躍る舞台 夢の大地で輝け鋭いスイング(選手名) 軌跡を描け セペダ
33%
81 研ぎ澄まされた その心で(選手名)よ大志を抱き 切り拓け 大田泰示
33%
88 お前の振り抜く打球は 灼熱の炎を宿す今だ打てよ打てよ(選手名) 遥かカリブの空へ ゲレーロ
33%
45 燃えろ(選手名)男なら ここで一発(選手名)カットバセよカットバセよ レフトスタンドへ 中畑清
0%
51 ミラクルバット火を噴け ミラクル男で行け虹のアーチ叩き込めよ どでかい一発 呂明賜
0%
52 顔はかわいい(選手名) 打ったボールは一級品打て打てジャンボだ一発(選手名) ライトスタンドへ 駒田徳広
0%
54 キリリと眉を寄せる 男の顔は履歴書なのだ恋を愛を夢をみんな 掴め優勝だ ブラウン
0%
55 天気雨フレフレ 逆転だワッショイホームランでお祭りだ お祭りだ(選手名) ブラッドリー
0%
56 気が付くまで振り向くまで 口笛吹けダンディー(選手名)得意の技で それホームラン モスビー
0%
57 奇跡を起こす 男だ君は嵐の中砂漠の中 矢を放て バーフィールド
0%
58 それ行け弾けるパワー それ行け閃くセンス右に左に流して ソレソレ(選手名) 岡崎郁
0%
59 燃えるハートでナイスリード 煌めくバットでホームランVVロードに輝け それ(選手名)アーチだ 大久保博元
0%
60 レッツゴーファイト王者の道 無敵の強者その手でブイをがっちりつかめ 鉄人(選手名) 落合博満
0%
61 男(選手名)(選手名) 打てよメガトンホームラン熱く燃えろ熱く燃えろ ぶち込めホームラン 広沢克己
0%
63 風が騒ぐレッツゴー(選手名) 敵の尻尾見えたぞ空にかかる虹を追えよ (選手名)ホームラン マック
0%
65 ヨイヤ秋田名物 ハタハタ(選手名)だヨイヤキタカホイサッサ それそれホームラン 石井浩郎
0%
67 (選手名)一振りで 我ら待っているスタンド(選手名)ホームラン 打てよ見せろドミニカンパワー マルティネス
0%
68 アーチを量産凄いやつ スタンド皆が待ってるWelove(選手名)!WeloveGIANTS! 打て(選手名) ペタジーニ
0%
69 千の夢を胸に秘めた 勝利の申し子その英知とその力で 我らを導け 小久保裕紀
0%
No matching quizzes found
Score Distribution
Percent of People with Each Score
Percentile by Number Answered
Your Score History
You have not taken this quiz